| 000 | 00391 a2200145 4500 | ||
|---|---|---|---|
| 999 |
_c5586 _d5586 |
||
| 020 | _a1779000804 | ||
| 050 | _aPL8681 TSO 1992 | ||
| 100 | _aTsodzo, T.K | ||
| 245 |
_aRurimi rwaamai : _bBuku idzva: buku 1 romudzidzisi / _cT.K. Tsodzo |
||
| 264 |
_aHarare: _bCollege Press, _c1992 |
||
| 300 | _a82p.: | ||
| 500 | _aIn Shona | ||
| 650 |
_aChishona _xLanguages |
||
| 942 |
_2lcc _cBK _h8681 _iTSO _k1992 |
||